From Coal to Biotech The Transformation of DSM with Business School Support /

This management book documents the remarkable transformation of DSM, first from a coal mining company to a commodity chemicals producer, and then in the last two decades to the life sciences & materials sciences company it is today, with its strong focus on biotechnology. The book gives an insid...

Full description

Main Authors: Jeannet, Jean-Pierre. (Author, http://id.loc.gov/vocabulary/relators/aut), Schreuder, Hein. (http://id.loc.gov/vocabulary/relators/aut)
Corporate Author: SpringerLink (Online service)
Language:English
Published: Berlin, Heidelberg : Springer Berlin Heidelberg : Imprint: Springer, 2015.
Edition:1st ed. 2015.
Subjects:
Online Access:https://doi.org/10.1007/978-3-662-46299-7
LEADER 03729nam a22005535i 4500
001 978-3-662-46299-7
003 DE-He213
005 20210622182933.0
007 cr nn 008mamaa
008 150415s2015 gw | s |||| 0|eng d
020 |a 9783662462997  |9 978-3-662-46299-7 
024 7 |a 10.1007/978-3-662-46299-7  |2 doi 
050 4 |a HD28-70 
072 7 |a KJC  |2 bicssc 
072 7 |a BUS041000  |2 bisacsh 
072 7 |a KJC  |2 thema 
082 0 4 |a 658.4092  |2 23 
100 1 |a Jeannet, Jean-Pierre.  |e author.  |4 aut  |4 http://id.loc.gov/vocabulary/relators/aut 
245 1 0 |a From Coal to Biotech  |h [electronic resource] :  |b The Transformation of DSM with Business School Support /  |c by Jean-Pierre Jeannet, Hein Schreuder. 
250 |a 1st ed. 2015. 
264 1 |a Berlin, Heidelberg :  |b Springer Berlin Heidelberg :  |b Imprint: Springer,  |c 2015. 
300 |a XIX, 322 p. 74 illus., 58 illus. in color.  |b online resource. 
336 |a text  |b txt  |2 rdacontent 
337 |a computer  |b c  |2 rdamedia 
338 |a online resource  |b cr  |2 rdacarrier 
347 |a text file  |b PDF  |2 rda 
505 0 |a Preface -- DSM - From Dutch State Mines to Chemicals Company -- Transforming a Business School -- Moving from Sales to Marketing -- Achieving Market Orientation -- Developing Business Strategy Dialogues at DSM -- Enhancing Business School Impact -- Embedding Business Strategy Dialogues as a Core Process -- Contributing to Business Strategy Dialogues -- Experimenting with Corporate Strategy Dialogues to Focus and Explore -- Branching out Beyond Strategy -- The Big Decision: Exit Petrochemicals?- Leveraging Faculty Learning Cycles -- Completing the Transformation of DSM -- Lessons for Academia and Business -- The Seven Traits of a Successful Company. 
520 |a This management book documents the remarkable transformation of DSM, first from a coal mining company to a commodity chemicals producer, and then in the last two decades to the life sciences & materials sciences company it is today, with its strong focus on biotechnology. The book gives an inside view on the ‘strategic learning cycles’ that have driven this evolutionary transformation. It also discusses the company traits that have contributed to its ability to adapt, grow and prosper. Renowned business schools such as IMD and Babson have accompanied the second transformation of DSM through their executive education programs. The book documents this support and draws lessons for long-term collaboration between companies and the business school world.  . 
650 0 |a Leadership. 
650 0 |a Organization. 
650 0 |a Planning. 
650 0 |a School management and organization. 
650 0 |a School administration. 
650 0 |a Marketing. 
650 1 4 |a Business Strategy/Leadership.  |0 https://scigraph.springernature.com/ontologies/product-market-codes/515010 
650 2 4 |a Organization.  |0 https://scigraph.springernature.com/ontologies/product-market-codes/516000 
650 2 4 |a Administration, Organization and Leadership.  |0 https://scigraph.springernature.com/ontologies/product-market-codes/O17000 
650 2 4 |a Marketing.  |0 https://scigraph.springernature.com/ontologies/product-market-codes/513000 
700 1 |a Schreuder, Hein.  |e author.  |4 aut  |4 http://id.loc.gov/vocabulary/relators/aut 
710 2 |a SpringerLink (Online service) 
773 0 |t Springer Nature eBook 
776 0 8 |i Printed edition:  |z 9783662462980 
776 0 8 |i Printed edition:  |z 9783662463000 
776 0 8 |i Printed edition:  |z 9783662526316 
856 4 0 |u https://doi.org/10.1007/978-3-662-46299-7 
912 |a ZDB-2-SBE 
912 |a ZDB-2-SXBM 
950 |a Business and Economics (SpringerNature-11643) 
950 |a Business and Management (R0) (SpringerNature-43719)